Truyện cổ dân gian Việt Nam tuyển chọn : t. II /
שמור ב:
| מחבר ראשי: | |
|---|---|
| מחברים אחרים: | |
| פורמט: | Sách giấy |
| שפה: | Vietnamese |
| תגים: |
הוספת תג
אין תגיות, היה/י הראשונ/ה לתייג את הרשומה!
|
| Thư viện lưu trữ: | Thư viện Trường Đại học Đà Lạt |
|---|
| LEADER | 00604nam a2200241 4500 | ||
|---|---|---|---|
| 001 | DLU020010445 | ||
| 005 | ##11/25/1999 | ||
| 041 | # | # | |a vie |
| 082 | # | # | |a 398.209 597 |b HO-Q |
| 090 | # | # | |a 398.209 597 |b HO-Q |
| 100 | # | # | |a Hoàng Quyết |
| 245 | # | # | |a Truyện cổ dân gian Việt Nam tuyển chọn : |b t. II / |c Hoàng Quyết, Hoàng Huệ Thụ |
| 300 | # | # | |a 360 tr.; |c 19 cm. |
| 700 | # | # | |a Hoàng Huệ Thụ |
| 992 | # | # | |a 10000 |
| 994 | # | # | |a DLU |
| 900 | # | # | |a False |
| 911 | # | # | |a Administrator |
| 925 | # | # | |a G |
| 926 | # | # | |a A |
| 927 | # | # | |a SH |
| 980 | # | # | |a Thư viện Trường Đại học Đà Lạt |